Las Malvinas entre el derecho y la historia : refutación del folleto más allá de la historia oficial. La verdadera historia de las Falklands=Malvinas /
Guardado en:
| Autor Principal: | |
|---|---|
| Otros Autores: | |
| Formato: | Libro |
| Idioma: | Undetermined |
| Publicado: |
Buenos Aires :
Eudeba,
2022.
|
| Edición: | 2a ed. |
| Materias: | |
| Etiquetas: |
Agregar Etiqueta
Sin Etiquetas, Sea el primero en etiquetar este registro!
|
| LEADER | 01331nam a22002655a 4500 | ||
|---|---|---|---|
| 001 | CEM.cems019915 | ||
| 008 | 230314s2022####ag############000#0#und#d | ||
| 005 | 20240304083822.0 | ||
| 245 | 1 | 0 | |a Las Malvinas entre el derecho y la historia : |b refutación del folleto más allá de la historia oficial. La verdadera historia de las Falklands=Malvinas / |c Facundo Rodríguez y Marcelo Kohen. |
| 250 | |a 2a ed. | ||
| 260 | |a Buenos Aires : |b Eudeba, |c 2022. | ||
| 300 | |a 530 p. | ||
| 505 | 0 | |a Bulas papales y descubrimiento. Reconocimiento británico de la soberanía española -- Primeros asentamientos en las islas. El acuerdo de 1771 y el abandono británico. El retiro español -- La sucesión argentina a los derechos de España (uti possidetis) -- La administraciónargentina. El período 1810-1833 -- La situación posterior al despojo británico de 1833 -- La población de las islas y el derecho de los pueblos a la libre determinación | |
| 020 | |a 9789502332864 | ||
| 100 | 1 | |a Rodríguez, Facundo. | |
| 700 | 1 | |a Kohen, Marcelo. | |
| 653 | |a Historia | ||
| 653 | |a Historia Argentina | ||
| 653 | |a Malvinas | ||
| 653 | |a Ensayo | ||
| 653 | |a Guerra de Malvinas | ||
| 653 | |a Derecho | ||
| 653 | |a Derecho internacional | ||
| 653 | |a Colección Malvinas nos une | ||
| 859 | |a CEMS |b BIB. CEMS - Agricultura |h 982.064 |i R618 |p A3470.23 |t Ej.1 | ||
